[Event "C.to Italiano Semifinale"]
[Site "Acqui Terme ITA"]
[Date "2011.07.17"]
[Round "1"]
[White "Altini, Nicola"]
[Black "Miracola, Massimiliano"]
[Result "1-0"]
[WhiteElo "2267"]
[BlackElo "2038"]
[PlyCount "64"]
[EventDate "2011.07.17"]

1. Nf3 d5 2. c4 d4 3. g3 c5 4. b4 cxb4 5. a3 bxa3 6. Bxa3 g6 7. d3 Bg7 8. Bg2
Nc6 9. O-O Nf6 10. Nbd2 O-O 11. Nb3 Re8 12. Nc5 Nd7 13. Nb3 e5 14. Nfd2 f5 15.
Bd5+ Kh8 16. Bf7 e4 17. Bxe8 Qxe8 18. Bb2 b6 19. dxe4 fxe4 20. e3 dxe3 21.
Bxg7+ Kxg7 22. fxe3 Bb7 23. Nxe4 Nc5 24. Nbxc5 bxc5 25. Rb1 Nb4 26. Rxb4 Bxe4
27. Rb2 Bc6 28. Qd3 Rd8 29. Qc3+ Kg8 30. Qf6 Rc8 31. Qf4 Kh8 32. Rbf2 g5 1-0

[Event "C.to Italiano Semifinale"]
[Site "Acqui Terme ITA"]
[Date "2011.07.17"]
[Round "1"]
[White "Andreoni, Giuseppe"]
[Black "Bentivegna, Francesco"]
[Result "1/2-1/2"]
[WhiteElo "2092"]
[BlackElo "2330"]
[PlyCount "34"]
[EventDate "2011.07.17"]

1. d4 e6 2. Nf3 f5 3. Nc3 Nf6 4. Bg5 Bb4 5. e3 b6 6. Bd3 Bb7 7. O-O Bxc3 8.
bxc3 O-O 9. Nd2 h6 10. Bxf6 Qxf6 11. e4 fxe4 12. Nxe4 Qf4 13. Ng3 Nc6 14. Qh5
Ne7 15. Rae1 Qf7 16. Qe5 Qf4 17. Qh5 Qf7 1/2-1/2

[Event "C.to Italiano Semifinale"]
[Site "Acqui Terme ITA"]
[Date "2011.07.17"]
[Round "1"]
[White "Basso, Pier Luigi"]
[Black "Malloni, Marcello"]
[Result "1/2-1/2"]
[WhiteElo "2045"]
[BlackElo "2293"]
[PlyCount "74"]
[EventDate "2011.07.17"]

1. e4 c5 2. Nf3 Nc6 3. d4 cxd4 4. Nxd4 Nf6 5. Nc3 d6 6. Be3 e5 7. Nb3 Be7 8.
Be2 O-O 9. O-O a5 10. Nd2 Be6 11. Nc4 b5 12. Nxb5 Nxe4 13. Bb6 Qb8 14. a4 Bxc4
15. Bc7 Nxf2 16. Rxf2 Bxe2 17. Qxe2 Qb7 18. Bxd6 Bxd6 19. Nxd6 Qxb2 20. Raf1
Qd4 21. Ne4 Rad8 22. c3 Qb6 23. Kh1 h6 24. Qh5 Qe3 25. Re2 Qd3 26. Ree1 Qd5 27.
Rf6 Ne7 28. Rxh6 Ng6 29. Nf6+ gxf6 30. Rxg6+ fxg6 31. Qxg6+ Kh8 32. Qh6+ Kg8
33. Qg6+ Kh8 34. Qh6+ Kg8 35. Qg6+ Kh8 36. Qh6+ Kg8 37. Qg6+ Kh8 1/2-1/2

[Event "C.to Italiano Semifinale"]
[Site "Acqui Terme ITA"]
[Date "2011.07.17"]
[Round "1"]
[White "Bruno, Fabio"]
[Black "Angelini, Marco"]
[Result "1-0"]
[WhiteElo "2466"]
[BlackElo "2185"]
[PlyCount "79"]
[EventDate "2011.07.17"]

1. d4 d5 2. Nf3 Nf6 3. c4 c6 4. e3 e6 5. b3 Nbd7 6. Bb2 b6 7. Bd3 Bb7 8. O-O
Bd6 9. Nbd2 O-O 10. Qe2 Re8 11. Ne5 c5 12. Rad1 Qe7 13. f4 Rad8 14. cxd5 exd5
15. Bb5 a6 16. Bd3 b5 17. dxc5 Nxc5 18. Bb1 Nfe4 19. Ndf3 f6 20. Nd3 Nxd3 21.
Qxd3 g6 22. Rc1 Rc8 23. Rxc8 Rxc8 24. Nd4 Re8 25. Qe2 b4 26. Bxe4 Qxe4 27. Re1
Rc8 28. Kf2 Rc7 29. Rd1 Rc8 30. Qd3 Qe7 31. Rd2 Bb8 32. Nf3 Kf7 33. Bd4 Qc7 34.
g4 h6 35. h3 Qd7 36. Rc2 Rc6 37. Rxc6 Qxc6 38. Nh4 f5 39. gxf5 g5 40. f6 1-0

[Event "C.to Italiano Semifinale"]
[Site "Acqui Terme ITA"]
[Date "2011.07.17"]
[Round "1"]
[White "Contin, Daniel"]
[Black "De Barberis, Massimo"]
[Result "1-0"]
[WhiteElo "2319"]
[BlackElo "2087"]
[PlyCount "39"]
[EventDate "2011.07.17"]

1. e4 c5 2. Nf3 d6 3. d4 cxd4 4. Nxd4 Nf6 5. Nc3 a6 6. Bg5 e6 7. f4 b5 8. Bd3
Nbd7 9. Qe2 Qb6 10. Nxe6 fxe6 11. e5 Be7 12. exf6 Nxf6 13. O-O-O Ra7 14. f5 b4
15. Be3 Qa5 16. Bxa7 bxc3 17. fxe6 Qxa2 18. bxc3 O-O 19. Bd4 Bb7 20. Rhf1 1-0

[Event "C.to Italiano Semifinale"]
[Site "Acqui Terme ITA"]
[Date "2011.07.17"]
[Round "1"]
[White "Di Paolo, Raffaele"]
[Black "Melone, Antonio"]
[Result "1-0"]
[WhiteElo "2312"]
[BlackElo "2046"]
[PlyCount "83"]
[EventDate "2011.07.17"]

1. e4 c6 2. d4 d5 3. Nc3 dxe4 4. Nxe4 Nf6 5. Nxf6+ gxf6 6. Nf3 Bg4 7. Be2 e6 8.
Bf4 Bd6 9. Qd2 Qc7 10. Bxd6 Qxd6 11. O-O-O Nd7 12. Qa5 b5 13. Kb1 Nb6 14. Rhe1
Rb8 15. Nd2 Bf5 16. Bf3 h6 17. Be4 Bxe4 18. Nxe4 Qe7 19. Qc3 Rc8 20. Qg3 Kf8
21. Nd6 Rg8 22. Nxc8 Nxc8 23. Qh4 Rg6 24. Re3 Nd6 25. g4 Nc4 26. Re2 Qd6 27. f3
a5 28. Qg3 Qd5 29. Qf4 a4 30. a3 Nd6 31. h4 e5 32. Qe3 c5 33. c3 Qb3 34. Qd3
Nc4 35. Kc1 cxd4 36. cxd4 Qa2 37. Qb1 Qxb1+ 38. Kxb1 exd4 39. Rxd4 f5 40. gxf5
Rg1+ 41. Kc2 Rf1 42. f6 1-0

[Event "C.to Italiano Semifinale"]
[Site "Acqui Terme ITA"]
[Date "2011.07.17"]
[Round "1"]
[White "Di Trapani, Davide"]
[Black "Caprio, Guido"]
[Result "0-1"]
[WhiteElo "2067"]
[BlackElo "2312"]
[PlyCount "62"]
[EventDate "2011.07.17"]

1. e4 c5 2. Nf3 e6 3. d4 cxd4 4. Nxd4 a6 5. Bd3 Nf6 6. Nc3 Qc7 7. O-O Nc6 8.
Nxc6 dxc6 9. Qe2 e5 10. Kh1 Bc5 11. Bg5 h5 12. Bc4 h4 13. Bxf6 gxf6 14. f4 exf4
15. e5 Qxe5 16. Rxf4 Qxe2 17. Bxe2 Ke7 18. Re1 Be6 19. Bg4 Bd6 20. Rfe4 Be5 21.
Na4 h3 22. Bxe6 hxg2+ 23. Kxg2 fxe6 24. h4 Rag8+ 25. Kf1 Rh5 26. Nc5 Rf5+ 27.
Ke2 Bg3 28. Rg1 Rxc5 29. Re3 Re5 30. Rxe5 fxe5 31. Kf3 e4+ 0-1

[Event "C.to Italiano Semifinale"]
[Site "Acqui Terme ITA"]
[Date "2011.07.17"]
[Round "1"]
[White "Genocchio, Daniele"]
[Black "Marguerettaz, Davy"]
[Result "1/2-1/2"]
[WhiteElo "2446"]
[BlackElo "2160"]
[PlyCount "81"]
[EventDate "2011.07.17"]

1. Nf3 d5 2. g3 Nf6 3. Bg2 c6 4. d3 Bg4 5. Nbd2 Nbd7 6. h3 Bxf3 7. Nxf3 e5 8.
O-O Bc5 9. c3 O-O 10. Qc2 Re8 11. e4 dxe4 12. dxe4 a5 13. b3 Qc7 14. a3 Nf8 15.
Bg5 N6d7 16. b4 Bb6 17. Rad1 Ne6 18. Bc1 axb4 19. axb4 c5 20. Be3 Red8 21. bxc5
Bxc5 22. Bxc5 Ndxc5 23. Rd5 Na4 24. Rxd8+ Nxd8 25. Ra1 b5 26. Bf1 Rc8 27. Bxb5
Nxc3 28. Ba6 Ra8 29. Ra3 Ne2+ 30. Bxe2 Qxc2 31. Rxa8 Qc7 32. Nxe5 h6 33. Ng4
Kh7 34. Bd3 Qd6 35. Bc4 Ne6 36. e5 Qd1+ 37. Kg2 Ng5 38. Ra3 h5 39. Bd3+ g6 40.
Nf6+ Kg7 41. Bf1 1/2-1/2

[Event "C.to Italiano Semifinale"]
[Site "Acqui Terme ITA"]
[Date "2011.07.17"]
[Round "1"]
[White "Iudicello, Massimo"]
[Black "Rombaldoni, Axel"]
[Result "0-1"]
[WhiteElo "2179"]
[BlackElo "2459"]
[PlyCount "114"]
[EventDate "2011.07.17"]

1. e4 c5 2. Nf3 d6 3. d4 cxd4 4. Nxd4 Nf6 5. Nc3 Nc6 6. Bg5 e6 7. Qd2 a6 8. Be2
h6 9. Be3 Be7 10. O-O Ne5 11. h3 Qc7 12. f4 Nc4 13. Bxc4 Qxc4 14. e5 Nd5 15.
Nxd5 Qxd5 16. Qf2 O-O 17. Nf3 Rd8 18. Bb6 Rd7 19. Rfd1 Qe4 20. Rd4 Qc6 21. Rd3
Qa4 22. Bd4 b6 23. Ra3 Qc4 24. Rc3 Qd5 25. Bxb6 Bb7 26. Qd4 Qb5 27. a4 dxe5 28.
axb5 exd4 29. Nxd4 Bf6 30. Rd3 axb5 31. Rxa8+ Bxa8 32. Nxb5 Rxd3 33. cxd3 Bxb2
34. Nd4 Bd5 35. Ne2 f6 36. Bd4 Ba3 37. Kf2 Kf7 38. g4 Bc6 39. Bb6 Bd6 40. Be3
Bb5 41. d4 Bd3 42. Kf3 Bb4 43. Kf2 Ke7 44. Ng3 f5 45. g5 Bd6 46. h4 hxg5 47.
hxg5 Kd7 48. Bd2 Kc6 49. Ke3 Bc4 50. Nh5 Bf8 51. Bc3 Kd5 52. Bd2 Bb5 53. Ng3 g6
54. Nh1 Ba3 55. Bc3 Bc1+ 56. Kf3 Kc4 57. Ba1 Bc6+ 0-1

[Event "C.to Italiano Semifinale"]
[Site "Acqui Terme ITA"]
[Date "2011.07.17"]
[Round "1"]
[White "Lantini, Marco"]
[Black "Dvirnyy, Danyyil"]
[Result "0-1"]
[WhiteElo "2155"]
[BlackElo "2436"]
[PlyCount "78"]
[EventDate "2011.07.17"]

1. e4 c5 2. Nf3 d6 3. d4 cxd4 4. Nxd4 Nf6 5. Nc3 g6 6. g3 Nc6 7. Nde2 Bg7 8.
Bg2 O-O 9. O-O Rb8 10. a4 a6 11. h3 b5 12. axb5 axb5 13. Nd5 Nd7 14. Ra2 e6 15.
Ne3 Nc5 16. Bd2 b4 17. b3 Ba6 18. Re1 Qc7 19. Ng4 Ra8 20. Nh6+ Kh8 21. Nc1 Bb7
22. Rxa8 Bxa8 23. Ng4 Rc8 24. Na2 Qa5 25. Qb1 Bb7 26. e5 Ra8 27. Bxc6 Bxc6 28.
Nxb4 Bb7 29. c3 dxe5 30. Nxe5 Kg8 31. Nc4 Qd8 32. Qc2 h5 33. Bf4 Qf6 34. Ne5 g5
35. Bd2 h4 36. g4 Ne4 37. Rxe4 Ra1+ 38. Kh2 Qxe5+ 39. Kg2 Qf6 0-1

[Event "C.to Italiano Semifinale"]
[Site "Acqui Terme ITA"]
[Date "2011.07.17"]
[Round "1"]
[White "Mogranzini, Roberto"]
[Black "Messina, Giuseppe Ottavio"]
[Result "1-0"]
[WhiteElo "2433"]
[BlackElo "2116"]
[PlyCount "153"]
[EventDate "2011.07.17"]

1. c4 e5 2. g3 Nc6 3. Nc3 f5 4. Nf3 Bc5 5. e3 e4 6. d4 Be7 7. Nd2 Nf6 8. a3 a5
9. Bg2 O-O 10. O-O d6 11. f3 exf3 12. Nxf3 Bd7 13. b3 Qe8 14. Ra2 Qh5 15. Nd5
Bd8 16. Nf4 Qh6 17. d5 Ne5 18. Nd4 Ne4 19. Rc2 Bg5 20. Qe1 Bxf4 21. exf4 Nd3
22. Qe3 Nxc1 23. Rfxc1 Rfe8 24. Qd3 Re7 25. Bxe4 Rxe4 26. Re2 Rae8 27. Rce1
Rxe2 28. Rxe2 Rxe2 29. Qxe2 Qf6 30. Qe3 b6 31. Kf2 h6 32. Ke2 Kf7 33. Kd2 g6
34. b4 axb4 35. axb4 g5 36. h3 Kf8 37. Kc2 Ba4+ 38. Kd3 Bd7 39. Kc3 Kf7 40. Kb3
Kf8 41. Ka3 Kf7 42. Ka2 Kf8 43. Kb3 Kf7 44. Kc2 Ba4+ 45. Kd3 Bd7 46. Qe2 Kg6
47. Qe1 Kf7 48. Qd1 Kg6 49. Qf3 Qe7 50. Qe2 Qf6 51. Qe3 Kf7 52. Ke2 Kf8 53. Kf2
Kf7 54. Qd2 Qe7 55. Nf3 g4 56. hxg4 fxg4 57. Nd4 Qe4 58. Qe3 Qh1 59. Qd3 Qh2+
60. Ke1 Qg1+ 61. Kd2 Qf2+ 62. Ne2 Ba4 63. Qh7+ Ke8 64. Qxc7 Qf1 65. Qb8+ Ke7
66. Qa7+ Bd7 67. Qxb6 Qb1 68. Qe3+ Kf6 69. Qc3+ Kf7 70. b5 Bf5 71. Ke3 h5 72.
Kf2 Kg6 73. Qh8 Qb4 74. Qe8+ Kf6 75. Qf8+ Kg6 76. Qg8+ Kf6 77. Qg5+ 1-0

[Event "C.to Italiano Semifinale"]
[Site "Acqui Terme ITA"]
[Date "2011.07.17"]
[Round "1"]
[White "Parrella, Alfredo"]
[Black "Piscopo, Pierluigi"]
[Result "1/2-1/2"]
[WhiteElo "2110"]
[BlackElo "2397"]
[PlyCount "83"]
[EventDate "2011.07.17"]

1. c4 e5 2. g3 Nc6 3. Nc3 g6 4. Bg2 Bg7 5. e4 Nge7 6. Nge2 d6 7. d3 O-O 8. O-O
Be6 9. Nd5 a6 10. Bg5 f6 11. Be3 Qd7 12. Qd2 Rae8 13. b4 Nc8 14. b5 axb5 15.
cxb5 N6e7 16. Ndc3 d5 17. d4 dxe4 18. Nxe4 b6 19. dxe5 Qxd2 20. Bxd2 fxe5 21.
Rfc1 Nd6 22. Ng5 Bc4 23. Nc3 h6 24. Nge4 Nef5 25. Nxd6 cxd6 26. Bd5+ Bxd5 27.
Nxd5 Nd4 28. Kg2 Nxb5 29. Nxb6 Nd4 30. Rc7 Rd8 31. Nd5 Ra8 32. Bb4 e4 33. Bc3
Rf7 34. Rxf7 Kxf7 35. a4 Nb3 36. Bxg7 Kxg7 37. Ra3 Nc5 38. a5 Ra7 39. Nb6 Kf6
40. Nd5+ Ke5 41. Nb4 Ke6 42. f3 1/2-1/2

[Event "C.to Italiano Semifinale"]
[Site "Acqui Terme ITA"]
[Date "2011.07.17"]
[Round "1"]
[White "Sedina, Elena"]
[Black "Gioseffi, Massimiliano"]
[Result "1-0"]
[WhiteElo "2339"]
[BlackElo "2105"]
[PlyCount "118"]
[EventDate "2011.07.17"]

1. e4 c5 2. Nf3 e6 3. c3 d5 4. e5 Nc6 5. d4 Bd7 6. Be2 Nge7 7. Na3 Nf5 8. Nc2
Be7 9. O-O O-O 10. Kh1 Rc8 11. Bd3 c4 12. Be2 f6 13. g4 Nh6 14. exf6 Rxf6 15.
g5 Rxf3 16. Bxf3 Bxg5 17. Rg1 Bxc1 18. Rxc1 Qf6 19. Ne3 Rf8 20. Rg3 Ne7 21. Qg1
Bc6 22. Re1 Nef5 23. Nxf5 Nxf5 24. Rh3 Nd6 25. Bg4 Ne4 26. Rf3 Qg6 27. Bxe6+
Qxe6 28. Rxf8+ Kxf8 29. f3 Kg8 30. fxe4 dxe4 31. Re3 Qf5 32. Qe1 Bd5 33. Kg1 h6
34. Qg3 a6 35. h3 Kh7 36. Qf2 Qg5+ 37. Kh2 Qg6 38. Qg3 Qf5 39. Kg1 b5 40. Qf2
Qg6+ 41. Kf1 Qg5 42. Ke1 a5 43. Qg3 Qf5 44. Qe5 Qxe5 45. dxe5 g5 46. Re2 Kg7
47. Kf2 h5 48. Ke3 Kf7 49. Rf2+ Ke7 50. Rf5 g4 51. Rxh5 gxh3 52. Rxh3 b4 53.
Kd4 bxc3 54. Rxc3 Ke6 55. Ra3 e3 56. Rxe3 a4 57. Rh3 Ba8 58. Rh6+ Ke7 59. Kxc4
Ke8 1-0

[Event "C.to Italiano Semifinale"]
[Site "Acqui Terme ITA"]
[Date "2011.07.18"]
[Round "2"]
[White "Bentivegna, Francesco"]
[Black "Parrella, Alfredo"]
[Result "1-0"]
[WhiteElo "2330"]
[BlackElo "2110"]
[PlyCount "75"]
[EventDate "2011.07.17"]

1. e4 c5 2. c3 Nf6 3. e5 Nd5 4. d4 cxd4 5. Nf3 d6 6. cxd4 Nc6 7. Bc4 Nb6 8. Bb5
d5 9. Nc3 Bf5 10. Nh4 Bd7 11. f4 e6 12. Nf3 h5 13. O-O Rc8 14. Kh1 g6 15. Be3
Nb4 16. Be2 a6 17. Nd2 Nc6 18. Rc1 Na5 19. Rc2 Nac4 20. Nxc4 Nxc4 21. Bc1 b5
22. Bd3 Be7 23. Qf3 Bc6 24. Ne2 Bd7 25. Ng1 Qb6 26. b3 Na5 27. Rxc8+ Bxc8 28.
Be3 Nc6 29. Nh3 Bd7 30. Ng5 Nd8 31. Rc1 b4 32. Qd1 Bb5 33. Bb1 Kf8 34. Qc2 Kg7
35. Nxf7 Kxf7 36. Qxg6+ Kf8 37. f5 Nf7 38. fxe6 1-0

[Event "C.to Italiano Semifinale"]
[Site "Acqui Terme ITA"]
[Date "2011.07.18"]
[Round "2"]
[White "Caprio, Guido"]
[Black "Contin, Daniel"]
[Result "1-0"]
[WhiteElo "2312"]
[BlackElo "2319"]
[PlyCount "75"]
[EventDate "2011.07.17"]

1. e4 c5 2. Nf3 Nc6 3. d4 cxd4 4. Nxd4 g6 5. c4 Nf6 6. Nc3 d6 7. Nc2 Bg7 8. Be2
O-O 9. O-O Be6 10. Be3 Ne5 11. b3 Qa5 12. Bd2 Qc5 13. Be3 Qa5 14. Bd2 Qc5 15.
Kh1 Neg4 16. Qe1 b5 17. f3 bxc4 18. b4 Qe5 19. fxg4 Nxe4 20. Nxe4 Qxe4 21. Rc1
c3 22. Be3 Rac8 23. a3 Be5 24. Bh6 Rfd8 25. Ba6 Qxe1 26. Rfxe1 Rc7 27. h3 Bc4
28. Bxc4 Rxc4 29. Ne3 Re4 30. Nd5 Rxe1+ 31. Rxe1 Rd7 32. Rc1 f6 33. Be3 e6 34.
Nxc3 d5 35. Ne2 Bb2 36. Rb1 d4 37. Rxb2 dxe3 38. Rb3 1-0

[Event "C.to Italiano Semifinale"]
[Site "Acqui Terme ITA"]
[Date "2011.07.18"]
[Round "2"]
[White "Dvirnyy, Danyyil"]
[Black "Molina, Fabrizio"]
[Result "1-0"]
[WhiteElo "2436"]
[BlackElo "2256"]
[PlyCount "54"]
[EventDate "2011.07.17"]

1. e4 d6 2. d4 Nf6 3. Nc3 e5 4. Nge2 c6 5. a4 a5 6. h3 h5 7. g3 Be7 8. Bg2 Nbd7
9. Be3 Nf8 10. f4 Ng6 11. Qd2 Nh7 12. O-O-O h4 13. Qe1 Qb6 14. Qg1 Qb4 15. Bf1
exd4 16. Bxd4 Bf6 17. e5 dxe5 18. Bc5 Qc4 19. Nb5 cxb5 20. Nc3 Bd7 21. Bxc4
bxc4 22. Rxd7 Kxd7 23. Qd1+ Kc8 24. Qg4+ Kc7 25. Nb5+ Kc6 26. Be3 Rhe8 27. f5
Kd5 1-0

[Event "C.to Italiano Semifinale"]
[Site "Acqui Terme ITA"]
[Date "2011.07.18"]
[Round "2"]
[White "Fagnani, Alessandro"]
[Black "Genocchio, Daniele"]
[Result "0-1"]
[WhiteElo "1955"]
[BlackElo "2446"]
[PlyCount "66"]
[EventDate "2011.07.17"]

1. e4 c5 2. Nf3 h6 3. d4 cxd4 4. Nxd4 Nf6 5. Nc3 e5 6. Ndb5 d6 7. Nd5 Nxd5 8.
exd5 a6 9. Nc3 g6 10. Bd3 Bg7 11. O-O O-O 12. Be3 f5 13. f3 Nd7 14. g4 e4 15.
fxe4 f4 16. Bxf4 Qb6+ 17. Kg2 Rxf4 18. Rxf4 Qxb2 19. Rb1 Qxc3 20. h3 b5 21. Rf1
Ne5 22. Rb3 Qd4 23. Qe2 Bd7 24. Qf2 Qa4 25. a3 Rf8 26. Qe2 Re8 27. Rfb1 g5 28.
Kh1 Ng6 29. Qf2 Bd4 30. Qg3 Be5 31. Qf2 Rf8 32. Qa7 Bc8 33. Qc7 Qd4 0-1

[Event "C.to Italiano Semifinale"]
[Site "Acqui Terme ITA"]
[Date "2011.07.18"]
[Round "2"]
[White "Ferretti, Carlo"]
[Black "Formento, Paolo"]
[Result "1/2-1/2"]
[WhiteElo "1997"]
[BlackElo "2024"]
[PlyCount "45"]
[EventDate "2011.07.17"]

1. d4 Nf6 2. Bg5 e6 3. e4 h6 4. Bxf6 Qxf6 5. c3 d5 6. e5 Qd8 7. Nf3 c5 8. dxc5
Bxc5 9. Bd3 Nc6 10. O-O O-O 11. Bc2 a5 12. Qd3 g6 13. a4 b6 14. Na3 Kg7 15. Nb5
Ba6 16. Rad1 Ra7 17. Qe2 Rd7 18. Rd2 Qe7 19. Bd3 Rfd8 20. Nbd4 Nxd4 21. Nxd4
Bxd3 22. Qxd3 Bxd4 23. Qxd4 1/2-1/2

[Event "C.to Italiano Semifinale"]
[Site "Acqui Terme ITA"]
[Date "2011.07.18"]
[Round "2"]
[White "Gioseffi, Massimiliano"]
[Black "Calavalle, Giulio"]
[Result "1/2-1/2"]
[WhiteElo "2105"]
[BlackElo "2239"]
[PlyCount "143"]
[EventDate "2011.07.17"]

1. d4 d5 2. c4 e6 3. Nc3 Nf6 4. cxd5 exd5 5. Bg5 Nbd7 6. e3 c6 7. Qc2 Qa5 8.
Bd3 Bb4 9. Nge2 O-O 10. O-O Re8 11. a3 Be7 12. b4 Qd8 13. f3 h6 14. Bh4 Nf8 15.
h3 N6h7 16. Bf2 Bh4 17. e4 Bxf2+ 18. Rxf2 Ng5 19. e5 Nge6 20. f4 Qh4 21. Qd2
Nh7 22. Bxh7+ Kxh7 23. f5 Nf8 24. Rf4 Qd8 25. Raf1 a5 26. Qd3 Kh8 27. Qg3 axb4
28. axb4 Nh7 29. h4 Qb6 30. Rg4 Rg8 31. b5 Ra3 32. bxc6 bxc6 33. Kh2 Ba6 34.
Rf3 Qb2 35. Nf4 Ra1 36. Qf2 Qxf2 37. Rxf2 Rb8 38. Ra2 Rxa2 39. Nxa2 Nf8 40. Nh3
Rb2 41. Nc3 Rb4 42. Rf4 Kg8 43. g4 Rc4 44. Nd1 c5 45. dxc5 Rxc5 46. Rd4 Nd7 47.
e6 fxe6 48. fxe6 Ne5 49. Kg3 Kf8 50. Nf4 Bc4 51. Ne3 Ke7 52. Nf5+ Kf6 53. e7
Kf7 54. Ne6 Rb5 55. Nd6+ Kxe7 56. Nxb5 Kxe6 57. Nc7+ Kd6 58. Ne8+ Kc5 59. Rd1
g6 60. Nf6 Kc6 61. h5 g5 62. Rd2 Kc5 63. Ng8 Nf7 64. Kf2 d4 65. Ke1 Ne5 66.
Nxh6 Nf3+ 67. Kd1 Bb3+ 68. Kc1 Nxd2 69. Kxd2 Kd6 70. Kd3 Ke5 71. Nf5 Bg8 72.
Nxd4 1/2-1/2

[Event "C.to Italiano Semifinale"]
[Site "Acqui Terme ITA"]
[Date "2011.07.18"]
[Round "2"]
[White "Malloni, Marcello"]
[Black "Boscolo, Federico"]
[Result "1/2-1/2"]
[WhiteElo "2293"]
[BlackElo "2210"]
[PlyCount "115"]
[EventDate "2011.07.17"]

1. d4 Nf6 2. c4 g6 3. Nc3 Bg7 4. e4 d6 5. Nf3 O-O 6. Be2 e5 7. O-O Nc6 8. d5
Ne7 9. Ne1 Ne8 10. Nd3 f5 11. Bd2 Nf6 12. f3 f4 13. b4 h5 14. a4 g5 15. Nf2 Rf7
16. c5 Bf8 17. cxd6 cxd6 18. a5 Rg7 19. h3 Kh8 20. Rc1 Neg8 21. Nb5 Ne8 22. Rc3
a6 23. Na3 b5 24. axb6 Qxb6 25. Nc4 Qa7 26. Kh1 Ngf6 27. Qc2 Bd7 28. Na5 Qb6
29. Nc6 Rh7 30. Nd3 g4 31. Ndxe5 dxe5 32. Nxe5 Bxb4 33. Nxd7 Rxd7 34. Rc6 Qb8
35. fxg4 Bxd2 36. Qxd2 Qe5 37. Qxf4 Qxf4 38. Rxf4 hxg4 39. hxg4 a5 40. Bc4 Re7
41. d6 Re5 42. Bf7 Rd8 43. g5 Rxg5 44. Ra6 Kg7 45. Bxe8 Rxe8 46. Rf5 Rxf5 47.
exf5 Re5 48. g4 Nxg4 49. d7 Rd5 50. Rg6+ Kf7 51. Rxg4 Rxd7 52. Kg2 Rd5 53. Kf3
Rxf5+ 54. Ke4 Rb5 55. Kd3 Rb4 56. Rxb4 axb4 57. Kc4 b3 58. Kxb3 1/2-1/2

[Event "C.to Italiano Semifinale"]
[Site "Acqui Terme ITA"]
[Date "2011.07.18"]
[Round "2"]
[White "Marguerettaz, Davy"]
[Black "Basso, Pier Luigi"]
[Result "1/2-1/2"]
[WhiteElo "2160"]
[BlackElo "2045"]
[PlyCount "144"]
[EventDate "2011.07.17"]

1. d4 d5 2. c4 e6 3. Nc3 Nf6 4. Bg5 Nbd7 5. e3 Be7 6. Nf3 O-O 7. Qc2 dxc4 8.
Bxc4 c5 9. Rd1 cxd4 10. Nxd4 Qa5 11. Bh4 Ne5 12. Be2 Ng6 13. Bg3 Nd5 14. Nb3
Qb6 15. Nxd5 exd5 16. O-O Be6 17. Bf3 Rac8 18. Qb1 Rfd8 19. h3 Nh4 20. Bxh4
Bxh4 21. Rd2 Qc7 22. Rfd1 Qe5 23. Nd4 Be7 24. a3 Qg5 25. Ne2 Bf5 26. Qa2 Be4
27. Bxe4 dxe4 28. Rxd8+ Rxd8 29. Rxd8+ Bxd8 30. Qc4 h6 31. Qxe4 Qb5 32. Nd4 Qd7
33. Qf5 Qc7 34. Qb5 Bf6 35. g3 a6 36. Qe8+ Kh7 37. Kg2 b5 38. b3 Qb7+ 39. Qc6
Qe7 40. a4 bxa4 41. bxa4 a5 42. Qd5 Qb4 43. Nc6 Qxa4 44. Nxa5 Qc2 45. Nc4 Kg8
46. Nd6 Qc7 47. e4 Qe7 48. f4 Bb2 49. e5 Bc3 50. Qc6 Bb4 51. Qa8+ Qf8 52. Qxf8+
Kxf8 53. Kf3 g6 54. Ke4 Ke7 55. Kd5 h5 56. f5 gxf5 57. Nxf5+ Kf8 58. Nd6 Be1
59. Ne4 Ke7 60. Nf6 Bxg3 61. Nxh5 Bh2 62. Ng7 Kf8 63. Nf5 Kg8 64. Ke4 Kh7 65.
Nh4 Bg3 66. Nf5 Bh2 67. Ne7 Kh6 68. Kf5 Kh5 69. Nd5 Kh4 70. Nf4 Bxf4 71. Kxf4
Kxh3 72. Kf5 Kg3 1/2-1/2

[Event "C.to Italiano Semifinale"]
[Site "Acqui Terme ITA"]
[Date "2011.07.18"]
[Round "2"]
[White "Pegoraro, Nicola"]
[Black "Sedina, Elena"]
[Result "0-1"]
[WhiteElo "2012"]
[BlackElo "2339"]
[PlyCount "90"]
[EventDate "2011.07.17"]

1. e4 Nf6 2. Nc3 d5 3. d4 Nxe4 4. Nxe4 dxe4 5. f3 e5 6. dxe5 Qxd1+ 7. Kxd1 Nc6
8. Bb5 Bd7 9. e6 Bxe6 10. Bxc6+ bxc6 11. fxe4 O-O-O+ 12. Ke1 Rd4 13. Be3 Rxe4
14. Kf2 Be7 15. Nf3 Rd8 16. Rhd1 Rxd1 17. Rxd1 c5 18. a3 h6 19. Ne1 Re5 20. Nd3
Rd5 21. Re1 Bd6 22. g3 g5 23. b4 cxb4 24. axb4 a5 25. bxa5 Rxa5 26. Bd4 Rf5+
27. Kg1 Rd5 28. Be5 Be7 29. Kf2 h5 30. Re2 Kd7 31. Re4 Bf5 32. Rd4 Rxd4 33.
Bxd4 Ke6 34. Ke3 Kd5 35. Ne1 h4 36. Ba7 h3 37. Bb8 Bc5+ 38. Kf3 Bd6 39. Ba7 g4+
40. Kf2 Be4 41. Be3 Kc4 42. Bd2 f5 43. Bg5 Be5 44. Bd2 c6 45. Ba5 f4 0-1

[Event "C.to Italiano Semifinale"]
[Site "Acqui Terme ITA"]
[Date "2011.07.18"]
[Round "2"]
[White "Pepino, Enrico"]
[Black "Mogranzini, Roberto"]
[Result "0-1"]
[WhiteElo "2209"]
[BlackElo "2433"]
[PlyCount "78"]
[EventDate "2011.07.17"]

1. e4 c5 2. Nf3 d6 3. d4 cxd4 4. Nxd4 Nf6 5. Nc3 g6 6. Bc4 Bg7 7. h3 O-O 8. Bb3
Nc6 9. Be3 Na5 10. O-O b6 11. Qd3 Bb7 12. Rad1 Nxb3 13. axb3 Rc8 14. f3 a6 15.
Nde2 b5 16. Bd4 Qc7 17. Rd2 e6 18. Qe3 b4 19. Na4 e5 20. Bb6 Qb8 21. c4 bxc3
22. Nexc3 Rc6 23. Ba5 Re8 24. Rfd1 Bc8 25. b4 Be6 26. Nb6 Bb3 27. Ncd5 Bxd5 28.
exd5 Rc7 29. b3 Nh5 30. Nc4 Rb7 31. Rc2 Ng3 32. Qd3 Nf5 33. Na3 Qa7+ 34. Kh2
Ne3 35. Rc6 e4 36. fxe4 Nxd1 37. Qxd1 Qe3 38. Nc4 Qxe4 39. Rxa6 Be5+ 0-1

[Event "C.to Italiano Semifinale"]
[Site "Acqui Terme ITA"]
[Date "2011.07.18"]
[Round "2"]
[White "Piscopo, Pierluigi"]
[Black "Andreoni, Giuseppe"]
[Result "1/2-1/2"]
[WhiteElo "2397"]
[BlackElo "2092"]
[PlyCount "79"]
[EventDate "2011.07.17"]

1. e4 c5 2. Nc3 d6 3. d4 cxd4 4. Qxd4 Nc6 5. Bb5 Bd7 6. Bxc6 Bxc6 7. Nge2 e6 8.
Qd3 Nf6 9. Bg5 Be7 10. O-O-O Ng4 11. Bxe7 Qxe7 12. Qg3 Nf6 13. f3 O-O-O 14. Nd4
Kb8 15. Rd2 h5 16. h4 g6 17. e5 dxe5 18. Qxe5+ Ka8 19. Rhd1 Rhe8 20. Ndb5 Bxb5
21. Nxb5 Nd5 22. c4 Rc8 23. Kb1 Nb6 24. b3 Rc6 25. Nd6 Rb8 26. Qf4 f6 27. Ne4
e5 28. Qe3 Qb4 29. Ka1 Nc8 30. Nc3 Ne7 31. Nb5 Nc8 32. Rd7 Qa5 33. Qd2 Qb6 34.
Nc3 Qc5 35. Qd5 Qf2 36. Nb5 a6 37. Nc7+ Ka7 38. Nb5+ Ka8 39. Nc7+ Ka7 40. Nb5+
1/2-1/2

[Event "C.to Italiano Semifinale"]
[Site "Acqui Terme ITA"]
[Date "2011.07.18"]
[Round "2"]
[White "Rombaldoni, Axel"]
[Black "Altini, Nicola"]
[Result "1-0"]
[WhiteElo "2459"]
[BlackElo "2267"]
[PlyCount "91"]
[EventDate "2011.07.17"]

1. e4 c5 2. Nf3 Nc6 3. Bb5 g6 4. O-O Bg7 5. Re1 e5 6. a3 Nge7 7. b4 d6 8. Bc4
O-O 9. c3 a6 10. bxc5 dxc5 11. a4 Na5 12. Na3 Qc7 13. d3 h6 14. Ba2 Kh7 15. Nc4
Nxc4 16. Bxc4 f5 17. Qb3 fxe4 18. dxe4 Bg4 19. Nd2 Nc6 20. Bd5 Na5 21. Qa2 Qe7
22. Nf1 Rac8 23. Rb1 Qh4 24. Be3 Rc7 25. Rb6 Qe7 26. Reb1 h5 27. Qd2 Bf6 28. c4
Nc6 29. Bxc6 bxc6 30. Qa5 Qf7 31. Qxc5 Rfc8 32. Rxa6 h4 33. h3 Be6 34. Nd2 Qd7
35. Ra7 g5 36. Rxc7 Rxc7 37. Nf3 Qg7 38. Qd6 Re7 39. Nh2 Bxc4 40. Ng4 Re6 41.
Qb8 Re7 42. Qc8 Be6 43. Qxc6 Bxg4 44. hxg4 Qh6 45. Kh2 Kg6 46. Qc8 1-0

[Event "C.to Italiano Semifinale"]
[Site "Acqui Terme ITA"]
[Date "2011.07.18"]
[Round "2"]
[White "Rombaldoni, Denis"]
[Black "Di Paolo, Raffaele"]
[Result "1-0"]
[WhiteElo "2495"]
[BlackElo "2312"]
[PlyCount "73"]
[EventDate "2011.07.17"]

1. d4 Nf6 2. c4 g6 3. g3 Bg7 4. Bg2 O-O 5. Nc3 d6 6. Nf3 Nc6 7. O-O Bg4 8. d5
Na5 9. Nd2 c5 10. h3 Bd7 11. e4 a6 12. Qe2 Rb8 13. a4 e5 14. Rb1 b6 15. b4 cxb4
16. Rxb4 Nb7 17. Ba3 Nc5 18. Rfb1 a5 19. R4b2 Nxa4 20. Nxa4 Bxa4 21. Qe3 Qc7
22. Rxb6 Bh6 23. f4 exf4 24. gxf4 Rxb6 25. Rxb6 Bxf4 26. Qxf4 Qxb6+ 27. Kh2 Nd7
28. Bxd6 Re8 29. e5 Bc2 30. e6 fxe6 31. dxe6 Rxe6 32. Bd5 Bf5 33. c5 Qb5 34.
Bc4 Qb7 35. Qh4 Qc8 36. Qe7 Nf8 37. c6 1-0